Normal view MARC view

Entry Personal Name

Number of records used in: 1

001 - CONTROL NUMBER

  • control field: 8970

003 - CONTROL NUMBER IDENTIFIER

  • control field: DLC

005 - DATE AND TIME OF LATEST TRANSACTION

  • control field: 20220103151548.0

008 - FIXED-LENGTH DATA ELEMENTS

  • fixed length control field: 000920n| azannaabn |n aaa c

010 ## - LIBRARY OF CONGRESS CONTROL NUMBER

  • LC control number: no 00076676

035 ## - SYSTEM CONTROL NUMBER

  • System control number: (OCoLC)oca05315601

040 ## - CATALOGING SOURCE

  • Original cataloging agency: NBuU
  • Language of cataloging: eng
  • Description conventions: rda
  • Transcribing agency: NBuU
  • Modifying agency: DLC
  • Modifying agency: DNLM

100 1# - HEADING--PERSONAL NAME

  • Personal name: Saukko, Pekka J.

670 ## - SOURCE DATA FOUND

  • Source citation: Encyclopedia of forensic sciences, c2000:
  • Information found: t.p. (Pekka J. Saukko) editorial board p. (Dept. of Forensic medicine, University of Turku, Finland)

670 ## - SOURCE DATA FOUND

  • Source citation: Knight's forensic pathology, c2004:
  • Information found: t.p. (Pekka Saukko, Dr.med.univ. (Vienna) Dr.Med.Sci., specialist in forensic med., Dr.h.c. prof. & head, Dept. of For. Med., Univ. of Turku, Finland)

Powered by Koha